| 000 | 00583 a2200205 4500 | ||
|---|---|---|---|
| 005 | 20260417111348.0 | ||
| 008 | 260416b |||||||| |||| 00| 0 eng d | ||
| 020 |
_a9789392262906 _cRs. 2150.00 |
||
| 040 | _aMAIN | ||
| 082 |
_a158.2 _bS23M |
||
| 100 | _aSharma, Sandeep | ||
| 245 | _aMastering communication and professional skills: From reading to writing | ||
| 260 |
_bBook Enclave _c2024 _aJaipur |
||
| 300 | _a287 | ||
| 650 | _aCommunication Skills | ||
| 650 | _aProfessional Skills | ||
| 650 | _aApplied Psychology | ||
| 650 | _aPersonality Development | ||
| 942 | _cBK | ||
| 999 |
_c396906 _d396906 |
||